Fugen

Saved in:
Bibliographic Details
Main Author: Pachelbel, Johann, 1653-1706.
Corporate Author: Bayerische Staatsbibliothek.
Format: Musical Score
Published: 1821.
Subjects:
Tags: Add Tag
No Tags, Be the first to tag this record!
LEADER 00722ndm a2200229 4500
001 007725092-3
005 20020606104010.5
008 980304s1821 xx fgz| a nn| d
035 0 |a ocm39014802 
040 |a MH-Mu  |c MH-Mu 
100 1 |a Pachelbel, Johann,  |d 1653-1706. 
240 1 0 |a Keyboard music.  |k Selections 
245 0 0 |a Fugen  |c von Pachelbel. 
260 |c 1821. 
300 |a Ms. score ([35] p.) 
500 |a Manuscript. Original in the Bayerische Staatsbibliothek, München (D Mbs). 
650 0 |a Canons, fugues, etc. (Keyboard instrument) 
650 0 |a Keyboard instrument music. 
650 0 |a Music  |x Manuscripts. 
710 2 |a Bayerische Staatsbibliothek.  |k Manuscript.  |n Mus. ms. 1177 
988 |a 20020608 
906 |0 MH